गिव्हिंग : (Record no. 57833)

MARC details
000 -LEADER
fixed length control field 01298nam a22002417a 4500
005 - DATE AND TIME OF LATEST TRANSACTION
control field 20110711140235.0
008 - FIXED-LENGTH DATA ELEMENTS--GENERAL INFORMATION
fixed length control field 110711t xxu||||| |||| 00| 0 mar d
010 ## - LCCN (DPL NO)
LC control number MAR-21472
020 ## - INTERNATIONAL STANDARD BOOK NUMBER
Terms of availability 295.00
International Standard Book Number 9788190729444
035 ## - SYSTEM CONTROL NUMBER
System control number MR-14130
037 ## - SOURCE OF ACQUISITION
Source of stock number/acquisition DBAD/PUB
040 ## - CATALOGING SOURCE
Original cataloging agency DPL
Language of cataloging MR
082 ## - DEWEY DECIMAL CLASSIFICATION NUMBER
Classification number 361.7
100 ## - MAIN ENTRY--PERSONAL NAME
9 (RLIN) 29424
Personal name क्लिंटन,बिल
245 ## - TITLE STATEMENT
Title गिव्हिंग :
Statement of responsibility, etc बिल क्लिंटन ; अभिजत थिटे द्वारा अनुवादित
Remainder of title आपल्या प्रत्येकात जगाला बदलण्याचं सामर्थ्य /
246 ## - VARYING FORM OF TITLE
Title proper/short title Giving : Aplaya Prateyakat Jagala Badalanaychya Samarthya
Remainder of title by Bill Clinton
260 ## - PUBLICATION, DISTRIBUTION, ETC. (IMPRINT)
Place of publication, distribution, etc पुणे
Name of publisher, distributor, etc अमेय प्रकाशन
Date of publication, distribution, etc 2009
270 ## - ADDRESS
Address 207 बिझनेस गिल्ड,लॉ कॉलेज रोड,
City पुणे
Postal code 411004
300 ## - PHYSICAL DESCRIPTION
Extent 255पृ.
Dimensions 22सेमी(सजिल्द)
Other physical details सचित्र
700 ## - ADDED ENTRY--PERSONAL NAME
Personal name थिटे,अभिजित
9 (RLIN) 35581
942 ## - ADDED ENTRY ELEMENTS (KOHA)
Source of classification or shelving scheme Dewey Decimal Classification
Item type Marathi Books
Call number suffix क्लिंटन
Classification part 361.7
Holdings
Withdrawn status Lost status Source of classification or shelving scheme Damaged status Not for loan Collection code Home library Current library Date acquired Source of acquisition Cost, normal purchase price Total Checkouts Full call number Barcode Date last seen Copy number Cost, replacement price Koha item type
    Dewey Decimal Classification   Not For Loan Non-fiction D.B.Act.Division D.B.Act.Division 21/10/2011 DBAD / PUB 295.00   361.7 क्लिंटन MR-14130 21/10/2011 1 295.00 Marathi Books

© Delhi Public Library
Hit Counter
free hit counter